00460cam a2200169ua 45000010005000000080039000050400009000440820013000531000034000662450056001002500009001562600040001653000017002056530013002226530022002356530033002572563110829n ii |||gr||||Z||||||asm cMAIN a491.4515 aKoch, Jiban Chandra,eAuthor.11aBhasar alonkar fokora yojonacby Jiban Chandra Koch a1st. aDibrugarh:bJiban chandra koch,990. a228p:c23cm. aLanguage aAssamese language aBhasar alonkar fokora yojona